LEADER 03179oas 2201237 a 450 001 9910142532303321 005 20260218213013.0 011 $a1543-4508 035 $a(DE-599)ZDB2048665-0 035 $a(OCoLC)51588188 035 $a(CONSER) 2003212081 035 $a(CKB)111056056234000 035 $a(EXLCZ)99111056056234000 100 $a20030206a20039999 uy a 101 0 $aeng 135 $aurcnu|||||||| 181 $ctxt$2rdacontent 182 $cc$2rdamedia 183 $acr$2rdacarrier 200 10$aLearning & behavior 210 $aAustin, Tex. $cPsychonomic Society$d2003- 210 3 $aNew York $cSpringer-Verlag 300 $aRefereed/Peer-reviewed 311 08$a1543-4494 517 3 $aLearning and behavior 531 0 $aLearn. behav. 606 $aAnimal behavior$vPeriodicals 606 $aLearning, Psychology of$vPeriodicals 606 $aHuman behavior$vPeriodicals 606 $aLearning in animals$vPeriodicals 606 $aLearning 606 $aBehavior 606 $aBehavior, Animal 606 $aPsychology, Experimental 606 $aConditioning, Psychological 606 $aApprentissage, Psychologie de l'$vPe?riodiques 606 $aE?thologie$vPe?riodiques 606 $aAnimal behavior$2fast$3(OCoLC)fst00809079 606 $aHuman behavior$2fast$3(OCoLC)fst00962811 606 $aLearning in animals$2fast$3(OCoLC)fst00995005 606 $aLearning, Psychology of$2fast$3(OCoLC)fst00995009 606 $ahuman behavior$2aat 608 $aPeriodicals.$2fast 608 $aPeriodicals.$2lcgft 608 $aperiodicals.$2aat 608 $aPe?riodiques.$2rvmgf 615 0$aAnimal behavior 615 0$aLearning, Psychology of 615 0$aHuman behavior 615 0$aLearning in animals 615 12$aLearning. 615 22$aBehavior. 615 22$aBehavior, Animal. 615 22$aPsychology, Experimental. 615 22$aConditioning, Psychological. 615 6$aApprentissage, Psychologie de l' 615 6$aE?thologie 615 7$aAnimal behavior. 615 7$aHuman behavior. 615 7$aLearning in animals. 615 7$aLearning, Psychology of. 615 7$ahuman behavior. 712 02$aPsychonomic Society, 801 0$bNSD 801 1$bNSD 801 2$bOCLCQ 801 2$bMUQ 801 2$bCIT 801 2$bGUA 801 2$bDLC 801 2$bUKMGB 801 2$bOCLCQ 801 2$bBUF 801 2$bOCLCO 801 2$bVT2 801 2$bOCLCQ 801 2$bOCLCF 801 2$bOCLCO 801 2$bOCLCQ 801 2$bOCLCO 801 2$bOCLCA 801 2$bKSU 801 2$bU3W 801 2$bOCLCO 801 2$bAU@ 801 2$bWYU 801 2$bOCLCO 801 2$bDLC 801 2$bBWN 801 2$bUBY 801 2$bOCLCO 801 2$bOCLCA 801 2$bOCLCQ 801 2$bUAB 801 2$bOCLCL 801 2$bSRU 801 2$bVLY 801 2$bQGK 801 2$bUEJ 801 2$bDLC 801 2$bCSU 801 2$bLIP 906 $aJOURNAL 912 $a9910142532303321 996 $aLearning & behavior$91974931 997 $aUNINA